| 000 | 00778nam a2200241 4500 | ||
|---|---|---|---|
| 001 | 16923 | ||
| 003 | HDC | ||
| 007 | cr bn ---aaaaa | ||
| 008 | 210222c mydr|noo 0 a may d | ||
| 040 | _aHDC | ||
| 245 | 0 | _aLogo tanda Halal produk keluaran negara diseragam | |
| 260 |
_aMalaysia: _bUtusan Malaysia, _c2003 |
||
| 336 |
_atext _2rdacontent |
||
| 337 |
_acomputer _2rdamedia |
||
| 338 |
_aonline resource _2rdacarrier |
||
| 650 |
_ahalal certifications _98254 |
||
| 650 |
_ahalal products _9642 |
||
| 710 | _aUtusan Malaysia | ||
| 856 | _zRequest full-text at [email protected] | ||
| 942 | _2lcc | ||
| 942 | _cNEWS | ||
| 942 | _kNSWO 008468 | ||
| 999 |
_c14239 _d14239 |
||